| 000 | 02096nam a2200517Ii 4500 | ||
|---|---|---|---|
| 001 | DIGPUZ0567 | ||
| 003 | NyNyDIG | ||
| 008 | 170724s2012 sp ob 000 0 spa d | ||
| 006 | m o d | ||
| 007 | cr ||||||||||| | ||
| 035 | _a(OCoLC)882500418 | ||
| 040 |
_aDGITA _beng _erda _epn _cDGITA |
||
| 020 |
_a9788415538561 _q(eBook ; _qpdf) |
||
| 020 |
_a8415538561 _q(eBook ; _qpdf) |
||
| 020 | _z9788415538257 | ||
| 020 | _z8415538251 | ||
| 041 | 1 |
_aspa _heng |
|
| 043 | _ae-sp--- | ||
| 050 | 1 | 4 | _aDP41 ebook |
| 082 | 0 | 4 | _a914.6048 |
| 100 | 1 |
_aTicknor, George, _d1791-1871, _eauthor. |
|
| 240 | 1 | 0 |
_aTravels in Spain. _lSpanish _s(Martín Ezpeleta) |
| 245 | 1 | 0 |
_aDiarios de viaje por España / _cGeorge Ticknor ; edición, traducción, estudio preliminar y notas de Antonio Martín Ezpeleta. |
| 264 | 1 |
_aZaragoza, España : _bPrensas Universitaria de Zaragoza, _c[2012] |
|
| 300 | _a1 online resource. | ||
| 336 |
_atext _btxt _2rdacontent |
||
| 337 |
_acomputer _bc _2rdamedia |
||
| 338 |
_aonline resource _bcr _2rdacarrier |
||
| 490 | 1 | _aPUZClásicos | |
| 504 | _aIncludes bibliographical references. | ||
| 588 | 0 | _aOnline resource; title from PDF title page (Digitalia, viewed July 25, 2017) | |
| 600 | 1 | 0 |
_aTicknor, George, _d1791-1871 _vDiaries. |
| 600 | 1 | 0 |
_aTicknor, George, _d1791-1871 _xTravel _zSpain. |
| 651 | 0 |
_aSpain _xDescription and travel. |
|
| 650 | 0 |
_aHispanists _zAmerica _vDiaries. |
|
| 655 | 0 | _aElectronic books. | |
| 700 | 1 |
_aMartín Ezpeleta, Antonio, _eeditor, _etranslator. |
|
| 700 | 1 |
_iTranslation of: _aTicknor, George, _d1791-1871. _tTravels in Spain. |
|
| 791 | 2 |
_aDigitalia (Firm), _edistributor. |
|
| 793 | 0 |
_gDigitalia eBook Collection: _aPrensas Universitarias de Zaragoza |
|
| 776 | 0 | 8 |
_iPrint version: _aTicknor, George, 1791-1871. _tDiarios de viaje por España. _b1a ed. _dZaragoza : Prensas Universitaria de Zaragoza, 2012 _z9788415538257 _w(OCoLC)810120414 |
| 830 | 0 |
_aPUZClásicos (Series) ; _v1. |
|
| 856 | 4 | 0 |
_3Digitalia Hispánica _uhttps://www.digitaliapublishing.com/a/42784/ |
| 910 | _aPremium collection: 2017 | ||
| 942 | _cRAA | ||
| 999 |
_c247501 _d247501 |
||